[Event "Nord Norsk-ch"]
[Site "Tromsoe"]
[Date "2008.05.09"]
[Round "5"]
[White "Isaksen, Eirik Nymo"]
[Black "Grundekjon, Christian S"]
[Result "0-1"]
[WhiteElo "1423"]
[BlackElo "1325"]
[PlyCount "120"]
[EventDate "2008.05.09"]
[EventType "swiss"]
[EventRounds "6"]
[EventCountry "NOR"]
[SourceTitle "EXT 2010"]
[Source "ChessBase"]
[SourceDate "2010.11.25"]
[SourceVersion "1"]
[SourceVersionDate "2010.11.25"]
[SourceQuality "1"]

1. e4 c5 2. Nf3 d6 3. d4 cxd4 4. Nxd4 g6 5. Nc3 Bg7 6. Be3 a6 7. Bc4 Nf6 8. f3 b5 9. Bb3 Bb7 10. Qd2 Nbd7 11. a4 bxa4 12. Bxa4 0-0 13. Bb3 Nc5 14. Ba2 Nfd7 15. h4 Nf6 16. Nde2 Nfxe4 17. fxe4 Nxe4 18. Nxe4 Bxe4 19. 0-0 Bxb2 20. Bh6 Qb6+ 21. Kh1 Qc6 22. Ng3 Bxa1 23. Nxe4 Bg7 24. Bxg7 Kxg7 25. Bd5 Qa4 26. Bxa8 Rxa8 27. Qf4 f5 28. Ng5 Qxf4 29. Rxf4 Rc8 30. Rf2 h6 31. Nf3 Kf6 32. Kg1 e5 33. Rd2 Ke6 34. Kf1 Rc4 35. g3 d5 36. Ne1 e4 37. Rd1 g5 38. h5 f4 39. gxf4 gxf4 40. Rb1 Rc6 41. Rb7 Rd6 42. Rg7 Kf6 43. Rg6+ Ke5 44. Ng2 f3 45. Ne3 Rxg6 46. hxg6 Kf6 47. Nxd5+ Kxg6 48. c4 Kf7 49. c5 a5 50. c6 Ke6 51. Nb6 Kd6 52. Nc4+ Kxc6 53. Nxa5+ Kd5 54. Nb3 Kc4 55. Na5+ Kc3 56. Nc6 h5 57. Ne5 Kd4 58. Ng6 e3 59. Nh4 Ke4 60. Ng6 Kf5 0-1

[Event "Nord Norsk-ch"]
[Site "Tromsoe"]
[Date "2008.05.09"]
[Round "2"]
[White "Jakobsen, Oivind"]
[Black "Isaksen, Eirik Nymo"]
[Result "0-1"]
[WhiteElo "1257"]
[BlackElo "1423"]
[PlyCount "76"]
[EventDate "2008.05.09"]
[EventType "swiss"]
[EventRounds "6"]
[EventCountry "NOR"]
[SourceTitle "EXT 2010"]
[Source "ChessBase"]
[SourceDate "2010.11.25"]
[SourceVersion "1"]
[SourceVersionDate "2010.11.25"]
[SourceQuality "1"]

1. Nf3 Nf6 2. c4 g6 3. d4 Bg7 4. Nc3 0-0 5. e3 b6 6. Bd3 Bb7 7. 0-0 e6 8. b4 Nc6 9. Rb1 a5 10. bxa5 Nxa5 11. Re1 Nc6 12. e4 Ne7 13. Bf4 Nh5 14. Qd2 Nxf4 15. Qxf4 c5 16. e5 Bxf3 17. gxf3 cxd4 18. Qxd4 Nc6 19. Qe3 Nxe5 20. Ne4 Nxd3 21. Qxd3 Rxa2 22. Qe3 Qc7 23. Qxb6 Qxb6 24. Rxb6 f5 25. Ng3 Bd4 26. Reb1 Bxf2+ 27. Kf1 Bxb6 28. Rxb6 Rxh2 29. Rd6 Ra8 30. Kg1 Rc2 31. Rxd7 Ra1+ 32. Nf1 Rcc1 33. c5 Rxf1+ 34. Kg2 Rfc1 35. Rc7 Ra2+ 36. Kg3 g5 37. Re7 f4+ 38. Kh3 Rh1+ 0-1

[Event "Alta CC-ch"]
[Site "Alta"]
[Date "2008.01.22"]
[Round "2"]
[White "Mikalsen, Odd Erling"]
[Black "Isaksen, Eirik Nymo"]
[Result "1-0"]
[WhiteElo "1725"]
[BlackElo "1423"]
[PlyCount "35"]
[EventDate "2008.01.15"]
[EventType "swiss"]
[EventRounds "10"]
[EventCountry "NOR"]
[SourceTitle "EXT 2024"]
[Source "ChessBase"]
[SourceDate "2023.10.10"]
[SourceVersion "1"]
[SourceVersionDate "2023.10.10"]
[SourceQuality "1"]

1. c4 Nf6 2. g3 d5 3. cxd5 e5 4. Nc3 Nxd5 5. Bg2 Nxc3 6. bxc3 c6 7. Nf3 Bd6 8. 0-0 0-0 9. e4 f5 10. exf5 Bxf5 11. Qb3+ Rf7 12. d4 exd4 13. Ng5 Qf6 14. Nxf7 Qxf7 15. cxd4 Be6 16. d5 Bf5 17. dxc6 Nxc6 18. Bd5 1-0

[Event "Alta CC-ch"]
[Site "Alta"]
[Date "2008.01.15"]
[Round "1"]
[White "Isaksen, Eirik Nymo"]
[Black "Bjerring, Dennis"]
[Result "1-0"]
[WhiteElo "1423"]
[BlackElo "1015"]
[PlyCount "109"]
[EventDate "2008.01.15"]
[EventType "swiss"]
[EventRounds "10"]
[EventCountry "NOR"]
[SourceTitle "EXT 2024"]
[Source "ChessBase"]
[SourceDate "2023.10.10"]
[SourceVersion "1"]
[SourceVersionDate "2023.10.10"]
[SourceQuality "1"]

1. e4 e5 2. Nf3 Nc6 3. d4 exd4 4. Bc4 d6 5. Ng5 Ne5 6. Qxd4 h6 7. Nf3 Nxc4 8. Qxc4 Be6 9. Qd3 Be7 10. Nc3 Nf6 11. 0-0 0-0 12. b3 Bg4 13. Bb2 Nh5 14. Nd5 Nf6 15. Nxe7+ Qxe7 16. Rfe1 Rfe8 17. e5 Bxf3 18. Qxf3 c6 19. h3 Nh7 20. Qg3 dxe5 21. Rxe5 Qf8 22. Rae1 f6 23. R5e3 Rxe3 24. Qxe3 Qf7 25. Qe7 b6 26. Qd6 c5 27. Re7 Qg6 28. Qd5+ Kf8 29. Qxa8+ Kxe7 30. Qxa7+ Ke8 31. Qxb6 Qxc2 32. Qc6+ Kf8 33. Ba3 Qd1+ 34. Kh2 Qd4 35. Qc8+ Kf7 36. Qxc5 Qf4+ 37. g3 Qe4 38. Qc4+ Qxc4 39. bxc4 Ke6 40. Bc5 Kd7 41. a4 Kc6 42. Bb4 h5 43. a5 Ng5 44. Kg2 g6 45. f3 Ne6 46. Kf2 Nd4 47. Bc3 Nb3 48. g4 hxg4 49. hxg4 f5 50. gxf5 gxf5 51. Ke3 Kd6 52. Kf4 Ke6 53. a6 Nc5 54. a7 Nd3+ 55. Ke3 1-0

[Event "Vadsosjakken op"]
[Site "Vadso"]
[Date "2007.09.01"]
[Round "3"]
[White "Bjornstad, Leif"]
[Black "Isaksen, Eirik Nymo"]
[Result "1/2-1/2"]
[WhiteElo "1471"]
[BlackElo "1432"]
[PlyCount "55"]
[EventDate "2007.08.31"]
[EventType "swiss"]
[EventRounds "5"]
[EventCountry "NOR"]
[SourceTitle "CBM 120 Extra"]
[Source "ChessBase"]
[SourceDate "2007.11.01"]
[SourceVersion "1"]
[SourceVersionDate "2007.11.01"]
[SourceQuality "1"]

1. d4 Nf6 2. c4 g6 3. Nc3 Bg7 4. e4 d6 5. Bg5 0-0 6. Nf3 Nbd7 7. Be2 b6 8. 0-0 e5 9. d5 h6 10. Bh4 g5 11. Bg3 Nc5 12. Nd2 a5 13. f3 Nh5 14. Nb3 Nxb3 15. Qxb3 Nf4 16. Qc2 Nxe2+ 17. Qxe2 f5 18. exf5 Bxf5 19. Ne4 Qe8 20. b3 Qg6 21. Rae1 Rf7 22. h3 Raf8 23. Kh2 Bh8 24. Rf2 h5 25. h4 gxh4 26. Bxh4 Bxe4 27. Qxe4 Qxe4 28. Rxe4 1/2-1/2

[Event "Vadsosjakken op"]
[Site "Vadso"]
[Date "2007.09.01"]
[Round "2"]
[White "Isaksen, Eirik Nymo"]
[Black "Kiseleva, Maria"]
[Result "1-0"]
[WhiteElo "1432"]
[BlackElo "1700"]
[PlyCount "67"]
[EventDate "2007.08.31"]
[EventType "swiss"]
[EventRounds "5"]
[EventCountry "NOR"]
[SourceTitle "CBM 120 Extra"]
[Source "ChessBase"]
[SourceDate "2007.11.01"]
[SourceVersion "1"]
[SourceVersionDate "2007.11.01"]
[SourceQuality "1"]

1. e4 e5 2. Nf3 Nc6 3. d4 exd4 4. Bc4 Be7 5. 0-0 d6 6. Re1 Nf6 7. Nxd4 0-0 8. Nc3 Na5 9. Bb3 Nxb3 10. axb3 Re8 11. Qf3 Bf8 12. Bg5 c6 13. Bxf6 Qxf6 14. Qxf6 gxf6 15. Nf5 Bxf5 16. exf5 d5 17. g3 Bc5 18. Na4 Bd6 19. Nc3 a6 20. Na4 Re5 21. f4 Rxf5 22. Kg2 h5 23. Rad1 h4 24. Nc3 hxg3 25. hxg3 Rh5 26. Ne2 Kg7 27. Nd4 f5 28. Nf3 Kf6 29. c4 Rg8 30. Ng5 Bb4 31. Re2 dxc4 32. Rd7 b6 33. Rxf7+ Kg6 34. Re6# 1-0

[Event "Finnmark-ch"]
[Site "Karasjok"]
[Date "2007.05.12"]
[Round "2"]
[White "Isaksen, Eirik Nymo"]
[Black "Romsdal, Jorn"]
[Result "1-0"]
[WhiteElo "1503"]
[BlackElo "1359"]
[PlyCount "61"]
[EventDate "2007.05.11"]
[EventType "swiss"]
[EventRounds "5"]
[EventCountry "NOR"]
[SourceTitle "EXT 2010"]
[Source "ChessBase"]
[SourceDate "2010.11.25"]
[SourceVersion "1"]
[SourceVersionDate "2010.11.25"]
[SourceQuality "1"]

1. e4 e5 2. Nf3 Nf6 3. Nc3 Nc6 4. d4 exd4 5. Nxd4 Bb4 6. Nxc6 Bxc3+ 7. bxc3 bxc6 8. Bd3 0-0 9. 0-0 h6 10. f4 Qe7 11. Qf3 Qc5+ 12. Be3 Qxc3 13. e5 Nd5 14. Qe4 f5 15. exf6 Nxf6 16. Qg6 Ba6 17. Bxa6 Qxe3+ 18. Kh1 Qe4 19. Bd3 Qxg6 20. Bxg6 Rab8 21. Rab1 Nd5 22. g3 Rb6 23. Rxb6 axb6 24. Re1 Ra8 25. h3 Nf6 26. g4 Nd5 27. Kh2 Nxf4 28. Re8+ Rxe8 29. Bxe8 Nd5 30. Bxd7 c5 31. Be6+ 1-0

[Event "Alta ASK CC-ch"]
[Site "Alta"]
[Date "2007.04.24"]
[Round "9"]
[White "Isaksen, Eirik Nymo"]
[Black "Arild, Steinar"]
[Result "0-1"]
[WhiteElo "1508"]
[BlackElo "1162"]
[PlyCount "168"]
[EventDate "2007.01.16"]
[EventType "swiss"]
[EventRounds "10"]
[EventCountry "NOR"]
[SourceTitle "EXT 2008"]
[Source "ChessBase"]
[SourceDate "2007.11.25"]
[SourceVersion "1"]
[SourceVersionDate "2007.11.25"]
[SourceQuality "1"]

1. e4 e6 2. e5 d5 3. exd6 Bxd6 4. Nf3 Nf6 5. d4 0-0 6. Bd3 c5 7. 0-0 Qc7 8. Nc3 a6 9. dxc5 Bxc5 10. Be3 Bxe3 11. fxe3 Qb6 12. Qe1 Qxb2 13. Ne5 Nbd7 14. Nxd7 Nxd7 15. Rb1 Qa3 16. Rb3 Qa5 17. Qh4 f5 18. g4 Nc5 19. gxf5 Nxd3 20. cxd3 exf5 21. Qc4+ Kh8 22. Rb2 Qe5 23. e4 Be6 24. Qb4 a5 25. Qa3 Qd4+ 26. Rff2 Qxd3 27. Rbd2 Qe3 28. Rde2 Qg5+ 29. Rg2 Qf6 30. e5 Qd8 31. Qd6 Qe8 32. Rd2 Rf7 33. Qd3 Rd7 34. Qg3 g6 35. Rd6 Rc8 36. Rgd2 Rc6 37. Rxc6 bxc6 38. Rd6 Rxd6 39. exd6 Qd7 40. Qe5+ Kg8 41. Na4 Qa7+ 42. Qc5 Qxc5+ 43. Nxc5 Kf7 44. d7 Bxd7 45. Nxd7 Ke6 46. Nc5+ Kd5 47. Nb3 a4 48. Nc1 Kc4 49. Kf1 Kc3 50. Ke2 Kc2 51. Nd3 Kb1 52. Nb4 c5 53. Nd3 Kxa2 54. Nxc5 a3 55. Kd2 Kb1 56. Na4 a2 57. Nc3+ Kb2 58. Nxa2 Kxa2 59. Ke3 Kb2 60. Kf4 h5 61. h4 Kc3 62. Kg3 Kd3 63. Kf3 Kd2 64. Kf2 Kc3 65. Kg3 Kc2 66. Kg2 Kd1 67. Kf1 Kd2 68. Kf2 Kd3 69. Kf3 Kd4 70. Kf4 Kd5 71. Ke3 Ke5 72. Kf3 f4 73. Kf2 Ke4 74. Ke2 f3+ 75. Kf1 Ke3 76. Ke1 Kf4 77. Kf1 Kg3 78. Kg1 Kxh4 79. Kf2 Kg4 80. Kg1 h4 81. Kf2 h3 82. Kg1 g5 83. Kh1 f2 84. Kh2 Kf3 0-1

[Event "Alta ASK CC-ch"]
[Site "Alta"]
[Date "2007.01.23"]
[Round "2"]
[White "Malin, Oyvind"]
[Black "Isaksen, Eirik Nymo"]
[Result "0-1"]
[WhiteElo "621"]
[BlackElo "1508"]
[PlyCount "40"]
[EventDate "2007.01.16"]
[EventType "swiss"]
[EventRounds "10"]
[EventCountry "NOR"]
[SourceTitle "EXT 2008"]
[Source "ChessBase"]
[SourceDate "2007.11.25"]
[SourceVersion "1"]
[SourceVersionDate "2007.11.25"]
[SourceQuality "1"]

1. e4 e5 2. Nf3 Nc6 3. d4 exd4 4. Bc4 Nf6 5. e5 d5 6. Bb5 Ne4 7. Bxc6+ bxc6 8. Nxd4 c5 9. Nc6 Qd7 10. Na5 Be7 11. 0-0 Ba6 12. Re1 0-0-0 13. Nc3 Nxc3 14. bxc3 d4 15. cxd4 cxd4 16. Rb1 h5 17. c4 d3 18. Qb3 Qe6 19. Nb7 d2 20. Nxd8 dxe1Q# 0-1

[Event "Alta ASK op"]
[Site "Alta"]
[Date "2006.09.12"]
[Round "2"]
[White "Isaksen, Eirik Nymo"]
[Black "Brasoy, Aksel"]
[Result "1-0"]
[WhiteElo "1349"]
[BlackElo "1899"]
[PlyCount "76"]
[EventDate "2006.09.05"]
[EventType "swiss"]
[EventRounds "10"]
[EventCountry "NOR"]
[SourceTitle "EXT 2008"]
[Source "ChessBase"]
[SourceDate "2007.11.25"]
[SourceVersion "1"]
[SourceVersionDate "2007.11.25"]
[SourceQuality "1"]

1. e4 c5 2. Nf3 e6 3. d4 cxd4 4. Nxd4 Nc6 5. Nb5 d6 6. Bf4 e5 7. Bg3 Nf6 8. N5c3 Be7 9. Bh4 0-0 10. Bxf6 Bxf6 11. Nd5 Bg5 12. Be2 Be6 13. Nbc3 Nd4 14. 0-0 Rc8 15. Bd3 Kh8 16. f4 exf4 17. Nxf4 Qb6 18. Nfd5 Qc5 19. Kh1 Nc6 20. Qh5 Bh6 21. Rf3 Ne5 22. Rg3 Nxd3 23. Rxd3 Qf2 24. Rad1 Qxc2 25. Ne7 Rc5 26. Ncd5 Bxd5 27. exd5 Qxb2 28. Nf5 Qf6 29. Nxh6 Qxh6 30. Qe2 Rfc8 31. Re3 g6 32. Rf1 Qf8 33. Qb2+ Kg8 34. Ref3 f5 35. h3 Qf7 36. Qe2 Rc2 37. Qe6 Qxe6 38. dxe6 Kf8 1-0

[Event "Vadsosjakken op"]
[Site "Vadso"]
[Date "2006.08.26"]
[Round "2"]
[White "Isaksen, Eirik Nymo"]
[Black "Bjornstad, Leif"]
[Result "0-1"]
[WhiteElo "1349"]
[BlackElo "1474"]
[PlyCount "72"]
[EventDate "2006.08.25"]
[EventType "swiss"]
[EventRounds "5"]
[EventCountry "NOR"]
[SourceTitle "EXT 2007"]
[Source "ChessBase"]
[SourceDate "2006.11.23"]
[SourceVersion "1"]
[SourceVersionDate "2006.11.23"]
[SourceQuality "1"]

1. Nf3 d5 2. g3 Nf6 3. Bg2 g6 4. 0-0 Bg7 5. d3 0-0 6. Bg5 Re8 7. Nc3 e5 8. e4 d4 9. Nd5 Bg4 10. h3 Bxf3 11. Qxf3 Nbd7 12. Qe2 c6 13. Nxf6+ Nxf6 14. f4 Qd6 15. fxe5 Qxe5 16. Bf4 Qe6 17. Rf3 Nd5 18. Qf2 Nxf4 19. Rxf4 Bh6 20. Rf6 Be3 21. Qxe3 Qxf6 22. Qd2 Qe5 23. Qf2 Rad8 24. Rf1 Re7 25. h4 Rd6 26. Bh3 Kg7 27. Qg2 Rf6 28. Rxf6 Qxf6 29. Qe2 Re5 30. Kg2 Rb5 31. b3 Ra5 32. a4 Rc5 33. b4 Re5 34. Qd1 Qd6 35. Qb1 f5 36. exf5 Re3 0-1

[Event "Alta ASK CC-ch"]
[Site "Alta"]
[Date "2006.03.28"]
[Round "10"]
[White "Rasmussen, Rikard"]
[Black "Isaksen, Eirik Nymo"]
[Result "0-1"]
[WhiteElo "919"]
[BlackElo "1259"]
[PlyCount "66"]
[EventDate "2006.01.17"]
[EventType "swiss"]
[EventRounds "10"]
[EventCountry "NOR"]
[SourceTitle "EXT 2008"]
[Source "ChessBase"]
[SourceDate "2007.11.25"]
[SourceVersion "1"]
[SourceVersionDate "2007.11.25"]
[SourceQuality "1"]

1. e4 e5 2. Nf3 Nc6 3. Bc4 Nf6 4. Nc3 Nxe4 5. Nxe4 d5 6. Bb5 dxe4 7. Bxc6+ bxc6 8. Nxe5 Bc5 9. d3 Bxf2+ 10. Kxf2 Qd4+ 11. Be3 Qxe5 12. dxe4 Qxe4 13. Re1 0-0 14. Kg1 Qf5 15. Qd3 Qd5 16. Bf4 Bf5 17. Qxd5 cxd5 18. Re5 Be6 19. Re3 c5 20. Rc3 c4 21. b3 d4 22. Rg3 Rfd8 23. Be5 g6 24. Rd1 Rd5 25. Bxd4 Rad8 26. c3 cxb3 27. axb3 Ra5 28. Rd2 Bxb3 29. Rb2 Bc4 30. Rb7 Ra1+ 31. Kf2 Rf1+ 32. Ke3 Re8+ 33. Be5 Ba6 0-1

[Event "Finnmark-ch"]
[Site "Karasjok"]
[Date "2006.03.12"]
[Round "4"]
[White "Esbensen, Hans Fredrik"]
[Black "Isaksen, Eirik Nymo"]
[Result "0-1"]
[WhiteElo "1474"]
[BlackElo "1252"]
[PlyCount "46"]
[EventDate "2006.03.10"]
[EventType "swiss"]
[EventRounds "5"]
[EventCountry "NOR"]
[SourceTitle "EXT 2007"]
[Source "ChessBase"]
[SourceDate "2006.11.23"]
[SourceVersion "1"]
[SourceVersionDate "2006.11.23"]
[SourceQuality "1"]

1. Nf3 Nf6 2. c4 g6 3. d4 Bg7 4. Nc3 0-0 5. e4 d6 6. Be2 Nbd7 7. 0-0 e5 8. d5 a5 9. Bg5 Nc5 10. Nd2 Qe8 11. a3 a4 12. Be3 Nfd7 13. Nb5 Qd8 14. Qc2 f5 15. exf5 gxf5 16. f4 e4 17. Nd4 Nf6 18. Rab1 Kh8 19. b4 axb3 20. N4xb3 Nxb3 21. Rxb3 Rg8 22. Bd4 Qe8 23. Qc3 Qg6 0-1

[Event "Finnmark-ch"]
[Site "Karasjok"]
[Date "2006.03.11"]
[Round "3"]
[White "Isaksen, Eirik Nymo"]
[Black "Talberg, Kristian"]
[Result "0-1"]
[WhiteElo "1252"]
[BlackElo "1290"]
[PlyCount "84"]
[EventDate "2006.03.10"]
[EventType "swiss"]
[EventRounds "5"]
[EventCountry "NOR"]
[SourceTitle "EXT 2007"]
[Source "ChessBase"]
[SourceDate "2006.11.23"]
[SourceVersion "1"]
[SourceVersionDate "2006.11.23"]
[SourceQuality "1"]

1. e4 c5 2. Nf3 d6 3. d4 cxd4 4. Nxd4 Nf6 5. Nc3 a6 6. Bc4 e6 7. 0-0 Be7 8. Bb3 0-0 9. f4 Nc6 10. Kh1 Qc7 11. f5 Nxd4 12. Qxd4 b5 13. Rf3 d5 14. e5 Nd7 15. f6 Bc5 16. Qg4 g6 17. Bf4 Rd8 18. Qh4 Bb7 19. Rh3 h5 20. Qg5 Kf8 21. Qh6+ Ke8 22. Bxd5 exd5 23. e6 Bd6 24. exf7+ Kxf7 25. Qh7+ Ke6 26. Re1+ Ne5 27. Qxg6 Rg8 28. Qxh5 d4 29. Ne4 Qxc2 30. Ng5+ Kd5 31. Bxe5 Bxe5 32. Qf3+ Kc5 33. Qxb7 Rac8 34. b3 Kb4 35. Qxa6 Rc3 36. a3+ Kxb3 37. Qxb5+ Ka2 38. Re2 Rb8 39. Rxc2+ Rxc2 40. Qd5+ Ka1 41. Nf3 Rb1+ 42. Ng1 Rcc1 0-1

[Event "Alta ASK CC-ch"]
[Site "Alta"]
[Date "2006.02.14"]
[Round "5"]
[White "Pedersen, Birger"]
[Black "Isaksen, Eirik Nymo"]
[Result "1-0"]
[WhiteElo "1245"]
[BlackElo "1259"]
[PlyCount "89"]
[EventDate "2006.01.17"]
[EventType "swiss"]
[EventRounds "10"]
[EventCountry "NOR"]
[SourceTitle "EXT 2008"]
[Source "ChessBase"]
[SourceDate "2007.11.25"]
[SourceVersion "1"]
[SourceVersionDate "2007.11.25"]
[SourceQuality "1"]

1. d4 Nf6 2. c4 g6 3. Nc3 Bg7 4. Be3 0-0 5. Qd2 Re8 6. h4 d5 7. cxd5 Nxd5 8. Bh6 Bh8 9. h5 Bf5 10. hxg6 Bxg6 11. a3 Nxc3 12. bxc3 c5 13. e3 Qa5 14. Bd3 Rd8 15. Bxg6 fxg6 16. Qa2+ c4 17. Qxc4+ Qd5 18. Qd3 Qxg2 19. Qc4+ Qd5 20. Qxd5+ Rxd5 21. Ne2 Nc6 22. 0-0-0 Rc8 23. Rh2 e5 24. e4 Ra5 25. d5 Nd4 26. Nxd4 exd4 27. d6 Rxc3+ 28. Kd2 Rc8 29. Bf4 Rd8 30. Rdh1 Rd7 31. Rc1 Be5 32. Rc8+ Kg7 33. Bh6+ Kf7 34. Rf8+ Ke6 35. Re8+ Kxd6 36. f4 Bf6 37. e5+ Bxe5 38. fxe5+ Rxe5 39. Bf4 d3 40. Bxe5+ Kc6 41. Re6+ Kc5 42. Bc3 Kc4 43. Rh4+ Kb3 44. Rb4+ Kxa3 45. Re1 1-0

[Event "Alta ASK CC-ch"]
[Site "Alta"]
[Date "2006.01.31"]
[Round "3"]
[White "Arild, Steinar"]
[Black "Isaksen, Eirik Nymo"]
[Result "0-1"]
[WhiteElo "1176"]
[BlackElo "1259"]
[PlyCount "74"]
[EventDate "2006.01.17"]
[EventType "swiss"]
[EventRounds "10"]
[EventCountry "NOR"]
[SourceTitle "EXT 2008"]
[Source "ChessBase"]
[SourceDate "2007.11.25"]
[SourceVersion "1"]
[SourceVersionDate "2007.11.25"]
[SourceQuality "1"]

1. e4 e5 2. Nf3 Nc6 3. Bc4 Nf6 4. Nc3 Nxe4 5. Bxf7+ Kxf7 6. Nxe4 d5 7. Nc3 Bb4 8. d3 Rf8 9. Qe2 Kg8 10. Bg5 Qd6 11. 0-0-0 Bg4 12. Rde1 Bxf3 13. gxf3 Nd4 14. Qxe5 Nxf3 15. Qxd6 Bxd6 16. Be7 Rfe8 17. Bxd6 Rxe1+ 18. Rxe1 Nxe1 19. Bxc7 d4 20. Ne4 Rc8 21. Bd6 Nxc2 22. Bc5 b6 23. Kxc2 bxc5 24. Kb3 Rf8 25. Kc4 Rf5 26. a3 Kf8 27. b3 Ke7 28. b4 cxb4 29. axb4 Rh5 30. Kxd4 Rxh2 31. Kc4 Rh6 32. Kc5 Rg6 33. Kd4 h5 34. Ke3 Rb6 35. Nc3 Ke6 36. b5 Kf5 37. Kf3 g5 0-1

[Event "Alta ASK CC-ch"]
[Site "Alta"]
[Date "2006.01.17"]
[Round "1"]
[White "Larsen, Helge"]
[Black "Isaksen, Eirik Nymo"]
[Result "0-1"]
[WhiteElo "895"]
[BlackElo "1259"]
[PlyCount "68"]
[EventDate "2006.01.17"]
[EventType "swiss"]
[EventRounds "10"]
[EventCountry "NOR"]
[SourceTitle "EXT 2008"]
[Source "ChessBase"]
[SourceDate "2007.11.25"]
[SourceVersion "1"]
[SourceVersionDate "2007.11.25"]
[SourceQuality "1"]

1. d4 Nf6 2. c4 g6 3. Nc3 Bg7 4. e4 d6 5. Be3 0-0 6. f3 e5 7. d5 Ne8 8. Qd2 f5 9. Bh6 Qh4+ 10. g3 Qxh6 11. Bd3 Qxd2+ 12. Kxd2 Na6 13. h4 Nc5 14. Be2 a5 15. h5 Nf6 16. hxg6 hxg6 17. Nh3 fxe4 18. f4 Bxh3 19. Rxh3 exf4 20. gxf4 Rae8 21. Ke3 Kf7 22. Nb5 Na6 23. Rg1 Rh8 24. Rhg3 Bh6 25. Rxg6 Reg8 26. R6g3 Rxg3+ 27. Rxg3 Rg8 28. Rh3 Bg7 29. Nd4 Nc5 30. a3 Ng4+ 31. Bxg4 Bxd4+ 32. Kxd4 Rxg4 33. Rh7+ Rg7 34. Rh5 a4 0-1

[Event "Kalotturneringen"]
[Site "Hammerfest"]
[Date "2005.10.30"]
[Round "7"]
[White "Knutsen, Paal Egil"]
[Black "Isaksen, Eirik Nymo"]
[Result "1/2-1/2"]
[WhiteElo "1178"]
[BlackElo "1180"]
[PlyCount "20"]
[EventDate "2005.10.28"]
[EventType "swiss"]
[EventRounds "7"]
[EventCountry "NOR"]
[SourceTitle "EXT 2007"]
[Source "ChessBase"]
[SourceDate "2006.11.23"]
[SourceVersion "1"]
[SourceVersionDate "2006.11.23"]
[SourceQuality "1"]

1. Nf3 Nf6 2. b3 d6 3. d4 g6 4. Bb2 Bg7 5. Nbd2 0-0 6. e3 Nc6 7. Be2 Re8 8. 0-0 e5 9. dxe5 dxe5 10. e4 a6 1/2-1/2

[Event "Kalotturneringen"]
[Site "Hammerfest"]
[Date "2005.10.29"]
[Round "5"]
[White "Talberg, Kristian"]
[Black "Isaksen, Eirik Nymo"]
[Result "0-1"]
[WhiteElo "1350"]
[BlackElo "1180"]
[PlyCount "132"]
[EventDate "2005.10.28"]
[EventType "swiss"]
[EventRounds "7"]
[EventCountry "NOR"]
[SourceTitle "EXT 2007"]
[Source "ChessBase"]
[SourceDate "2006.11.23"]
[SourceVersion "1"]
[SourceVersionDate "2006.11.23"]
[SourceQuality "1"]

1. e4 e5 2. Nf3 Nc6 3. Bb5 a6 4. Ba4 Nf6 5. 0-0 Be7 6. c3 b5 7. Bc2 d5 8. exd5 Nxd5 9. d4 exd4 10. Nxd4 Nxd4 11. Qxd4 Bf6 12. Qc5 Qd6 13. Re1+ Be6 14. Qxd6 cxd6 15. Be4 0-0 16. Bxd5 Bxd5 17. Bf4 Rfe8 18. Nd2 Be5 19. Bxe5 Rxe5 20. Rxe5 dxe5 21. Re1 f6 22. b3 Rd8 23. c4 bxc4 24. bxc4 Bxg2 25. Kxg2 Rxd2 26. Rc1 Rd7 27. c5 Kf7 28. c6 Rc7 29. Kf3 Ke6 30. Ke4 Kd6 31. f4 exf4 32. Kxf4 Rxc6 33. Rd1+ Ke6 34. Rd2 Rc4+ 35. Ke3 g5 36. Rb2 Ra4 37. Kd3 f5 38. Rb6+ Kd5 39. Rh6 Rxa2 40. Rxh7 Ra3+ 41. Kc2 f4 42. Rh5 Ke4 43. Rxg5 Ra2+ 44. Kd1 Rxh2 45. Ra5 Rh6 46. Ke2 Rf6 47. Ra4+ Kd5 48. Kf3 Kc5 49. Re4 a5 50. Re8 Kb4 51. Rb8+ Ka3 52. Rb7 a4 53. Rb8 Ka2 54. Rb7 a3 55. Rb5 Ka1 56. Rb4 a2 57. Rb3 Rc6 58. Kxf4 Rc2 59. Ke3 Rb2 60. Rd3 Kb1 61. Rd1+ Kc2 62. Rd2+ Kc3 63. Rd3+ Kb4 64. Rd4+ Ka3 65. Rd1 Rb1 66. Rd3+ Rb3 0-1

[Event "Kalotturneringen"]
[Site "Hammerfest"]
[Date "2005.10.28"]
[Round "3"]
[White "Isaksen, Eirik Nymo"]
[Black "Dagsvold, Trond"]
[Result "0-1"]
[WhiteElo "1180"]
[BlackElo "1236"]
[PlyCount "98"]
[EventDate "2005.10.28"]
[EventType "swiss"]
[EventRounds "7"]
[EventCountry "NOR"]
[SourceTitle "EXT 2007"]
[Source "ChessBase"]
[SourceDate "2006.11.23"]
[SourceVersion "1"]
[SourceVersionDate "2006.11.23"]
[SourceQuality "1"]

1. e4 e5 2. Nf3 Nc6 3. Bc4 Bc5 4. d3 Nf6 5. Bg5 0-0 6. 0-0 d6 7. h3 a6 8. Nc3 b5 9. Bb3 h6 10. Bh4 Re8 11. Nd5 Re6 12. Nxf6+ Rxf6 13. Bxf6 Qxf6 14. Bd5 Bd7 15. c3 Rd8 16. Rc1 Ne7 17. Bb3 Ng6 18. d4 Bb6 19. d5 Nf4 20. Kh2 Qg6 21. g4 h5 22. Nh4 Qf6 23. Nf5 g6 24. g5 Qxg5 25. Rg1 Qf6 26. Qf3 Bxf5 27. exf5 Qxf5 28. Bc2 Qf6 29. Rg3 Kg7 30. Rcg1 Rg8 31. Rg5 Kh6 32. h4 Rd8 33. Rd1 Rg8 34. Rdg1 c6 35. dxc6 d5 36. Rd1 Bc7 37. Bb3 e4 38. Qe3 Kh7 39. Kh1 Rd8 40. Qd4 Qd6 41. Qb4 Qxb4 42. cxb4 f5 43. Bc2 d4 44. Rgg1 d3 45. Bb3 Rd6 46. Rc1 Ne2 47. Rc5 Nxg1 48. Kxg1 d2 49. Bd1 f4 0-1